[Event "European Senior Teams Chess Championshi"]
[Site "Rogaska Slatina"]
[Date "2012.03.28"]
[Round "2.23"]
[White "Andersson, Kaj"]
[Black "Lyly, Seppo"]
[Result "1-0"]
[WhiteElo "2058"]
[BlackElo "1939"]
[PlyCount "109"]
[EventDate "2012.03.27"]
[WhiteTeam "SWE 3"]
[BlackTeam "FIN 2"]

1. e4 c5 2. Nf3 g6 3. d4 Bg7 4. Be2 cxd4 5. Nxd4 Nc6 6. Be3 d6 7. Nc3 Nf6 8.
O-O O-O 9. h3 Bd7 10. Qd2 Nxd4 11. Bxd4 Bc6 12. Bd3 Qc7 13. f4 e5 14. Be3 exf4
15. Bxf4 Nd7 16. Rad1 Ne5 17. Qf2 a6 18. Ne2 Rad8 19. Be3 Qe7 20. Nd4 Nxd3 21.
Nxc6 bxc6 22. cxd3 Rb8 23. b3 c5 24. Qc2 Qe6 25. Rf3 Rfe8 26. Rdf1 Rb7 27. Qf2
Be5 28. Qh4 Bd4 29. Bxd4 cxd4 30. Qh6 Rc8 31. h4 Rc5 32. Rf6 Qe5 33. h5 Rc2 34.
hxg6 hxg6 35. Qh4 Rbc7 36. R6f3 Qe7 37. Qh6 Qf8 38. Qxg6+ fxg6 39. Rxf8+ Kg7
40. R8f2 R7c3 41. Rxc2 Rxc2 42. Rf2 Rc3 43. Rd2 Kf6 44. Kf2 Ke5 45. Kf3 a5 46.
Kg4 Kf6 47. Kf4 g5+ 48. Kg4 Kg6 49. g3 Rc1 50. Rf2 Rd1 51. Rf5 Rxd3 52. Rxa5
Re3 53. Rxg5+ Kf6 54. Rf5+ Ke6 55. Rf4 1-0

[Event "European Senior Teams Chess Championshi"]
[Site "Rogaska Slatina"]
[Date "2012.03.28"]
[Round "2.23"]
[White "Auvinen, Esa"]
[Black "Andersson, Sven-Olof"]
[Result "1/2-1/2"]
[WhiteElo "1961"]
[BlackElo "2037"]
[PlyCount "63"]
[EventDate "2012.03.27"]
[WhiteTeam "FIN 2"]
[BlackTeam "SWE 3"]

1. e4 c5 2. Nf3 e6 3. d4 cxd4 4. Nxd4 g6 5. g3 Qc7 6. Bg2 Nc6 7. O-O Nf6 8. c4
Nxd4 9. Qxd4 Bc5 10. Qd3 Ng4 11. Nc3 Ne5 12. Qe2 Bd4 13. Bf4 Qxc4 14. Qxc4 Nxc4
15. Rad1 Bxc3 16. bxc3 e5 17. Bc1 d6 18. Rfe1 Be6 19. Bf1 Rc8 20. Bxc4 Rxc4 21.
Rxd6 O-O 22. Bb2 Rfc8 23. Red1 h6 24. f3 R4c6 25. h3 Bc4 26. Kf2 Rxd6 27. Rxd6
Rc6 28. Rxc6 bxc6 29. a4 f6 30. Ba3 Kf7 31. Ke3 a5 32. f4 1/2-1/2

[Event "European Senior Teams Chess Championship"]
[Site "Rogaska Slatina"]
[Date "2012.03.29"]
[Round "3.2"]
[White "Donchenko, Anatoly"]
[Black "Uhlmann, Wolfgang"]
[Result "1/2-1/2"]
[WhiteElo "2376"]
[BlackElo "2358"]
[PlyCount "33"]
[EventDate "2012.03.27"]
[WhiteTeam "GER - HESSEN"]
[BlackTeam "GER 1"]

1. Nf3 Nf6 2. g3 g6 3. Bg2 c5 4. c4 Nc6 5. d4 cxd4 6. Nxd4 Bg7 7. Nc3 O-O 8.
O-O Nxd4 9. Qxd4 d6 10. Qd3 a6 11. Bd2 Rb8 12. b3 Nd7 13. a4 Nc5 14. Qc2 Bd7
15. Rab1 Bc6 16. e4 a5 17. Rfe1 1/2-1/2

[Event "European Senior Teams Chess Championship"]
[Site "Rogaska Slatina"]
[Date "2012.03.29"]
[Round "3.2"]
[White "Hecht, Hans-Joachim"]
[Black "Isserman, Ryhor"]
[Result "1-0"]
[WhiteElo "2383"]
[BlackElo "2309"]
[PlyCount "49"]
[EventDate "2012.03.27"]
[WhiteTeam "GER 1"]
[BlackTeam "GER - HESSEN"]

1. d4 Nf6 2. c4 c5 3. d5 d6 4. Nc3 g6 5. e4 Bg7 6. Bd3 O-O 7. h3 e6 8. Nf3 Na6
9. Bg5 h6 10. Be3 Nc7 11. Qd2 exd5 12. exd5 Kh7 13. O-O b5 14. cxb5 Ncxd5 15.
Nxd5 Nxd5 16. Bxg6+ fxg6 17. Qxd5 Rb8 18. Rad1 Rxb5 19. b3 Bb7 20. Qxd6 Qxd6
21. Rxd6 Bxf3 22. gxf3 Ra5 23. Rd7 Rxf3 24. Rc1 Rf5 25. b4 1-0

[Event "European Senior Teams Chess Championship"]
[Site "Rogaska Slatina"]
[Date "2012.03.29"]
[Round "3.2"]
[White "Clemens, Christian Dr"]
[Black "Zunker, Reinhard Dr"]
[Result "1/2-1/2"]
[WhiteElo "2302"]
[BlackElo "2177"]
[PlyCount "48"]
[EventDate "2012.03.27"]
[WhiteTeam "GER 1"]
[BlackTeam "GER - HESSEN"]

1. d4 c5 2. d5 g6 3. Nc3 Nf6 4. e4 d6 5. Be2 Na6 6. h3 Nc7 7. a4 e6 8. dxe6
fxe6 9. e5 dxe5 10. Qxd8+ Kxd8 11. Bg5 Be7 12. Bxf6 Bxf6 13. O-O-O+ Ke7 14. Bf3
Rb8 15. Nge2 b6 16. Ng3 Rf8 17. h4 Bb7 18. Bxb7 Rxb7 19. h5 Ne8 20. hxg6 hxg6
21. Nge4 Rh8 22. Rhe1 Bg7 23. Nb5 Nf6 24. Ned6 Rd7 1/2-1/2

[Event "European Senior Teams Chess Championship"]
[Site "Rogaska Slatina"]
[Date "2012.03.29"]
[Round "3.3"]
[White "Strutinskaya, Galina N"]
[Black "Ivanovic, Bozidar"]
[Result "1/2-1/2"]
[WhiteElo "2273"]
[BlackElo "2412"]
[PlyCount "41"]
[EventDate "2012.03.27"]
[WhiteTeam "RUS 2"]
[BlackTeam "MNE"]

1. d4 c5 2. d5 e5 3. e4 d6 4. Nc3 Be7 5. Nf3 Nf6 6. Bb5+ Nbd7 7. a4 O-O 8. O-O
Ne8 9. g4 g6 10. Bh6 Ng7 11. Qd2 Nf6 12. h3 Kh8 13. Nh2 Ng8 14. Be3 f5 15. exf5
gxf5 16. f4 exf4 17. Rxf4 fxg4 18. Rxf8 Bxf8 19. hxg4 Nf6 20. Rf1 Nd7 21. Ne4
1/2-1/2

[Event "European Senior Teams Chess Championship"]
[Site "Rogaska Slatina"]
[Date "2012.03.29"]
[Round "3.3"]
[White "Zivkovic, Ljubo"]
[Black "Saunina, Ludmila"]
[Result "1/2-1/2"]
[WhiteElo "2279"]
[BlackElo "2300"]
[PlyCount "46"]
[EventDate "2012.03.27"]
[WhiteTeam "MNE"]
[BlackTeam "RUS 2"]

1. c4 e6 2. Nf3 Nf6 3. g3 a6 4. Bg2 b5 5. b3 Bb7 6. Bb2 c5 7. O-O Be7 8. d3 d5
9. Ne5 O-O 10. Nd2 Nbd7 11. Nxd7 Qxd7 12. cxd5 exd5 13. e4 dxe4 14. Nxe4 Nd5
15. d4 c4 16. Rc1 Rac8 17. Nc5 Qc7 18. bxc4 bxc4 19. Rxc4 Nb6 20. Rc1 Bxg2 21.
Kxg2 Qc6+ 22. Qf3 Qb5 23. Qb3 Qc6+ 1/2-1/2

[Event "European Senior Teams Chess Championship"]
[Site "Rogaska Slatina"]
[Date "2012.03.29"]
[Round "3.3"]
[White "Fatalibekova, Elena"]
[Black "Raicevic, Momcilo"]
[Result "0-1"]
[WhiteElo "2276"]
[BlackElo "2372"]
[Annotator "Doe,John"]
[PlyCount "56"]
[EventDate "2012.03.27"]
[WhiteTeam "RUS 2"]
[BlackTeam "MNE"]

1. Nf3 d5 2. d4 c6 3. e3 Nf6 4. c4 g6 5. Nc3 Bg7 6. Bd3 dxc4 7. Bxc4 O-O 8. O-O
Nbd7 9. a3 c5 10. d5 Nb6 11. Ba2 Bf5 12. Nh4 Be4 13. Nxe4 Nxe4 14. Qc2 Nd6 15.
Nf3 Rc8 16. e4 Qd7 17. Re1 c4 18. Bd2 Na4 19. Bc3 Nxc3 20. bxc3 Nb5 21. Re3
Nxa3 22. Qb2 Nb5 23. Qb4 Nd6 24. Bb1 a6 25. Bc2 Qb5 26. Qa3 Qc5 27. Qb2 Nb5 28.
Ba4 Nd6 {--- black win in 49. move.} 0-1

[Event "European Senior Teams Chess Championship"]
[Site "Rogaska Slatina"]
[Date "2012.03.29"]
[Round "3.4"]
[White "Vucenovic, Dragomir"]
[Black "Kanko, Ilkka"]
[Result "1-0"]
[WhiteElo "2260"]
[BlackElo "2250"]
[PlyCount "67"]
[EventDate "2012.03.27"]
[WhiteTeam "SUI"]
[BlackTeam "FIN 1"]

1. d4 Nf6 2. Nf3 b6 3. g3 Bb7 4. Bg2 g6 5. O-O Bg7 6. c4 O-O 7. Nc3 d6 8. Qc2
c5 9. d5 a6 10. a4 e6 11. Bg5 h6 12. Bxf6 Qxf6 13. Rad1 e5 14. Qb3 Qd8 15. a5
b5 16. cxb5 Qxa5 17. Ra1 Qb4 18. Nd2 Nd7 19. Ra4 Qxb3 20. Nxb3 Nb6 21. Raa1
axb5 22. Nxb5 Rxa1 23. Rxa1 Bxd5 24. Bxd5 Nxd5 25. Nxd6 Rb8 26. Nxc5 Rxb2 27.
Ra8+ Kh7 28. Nxf7 Rxe2 29. Ne6 e4 30. Ra5 Nf6 31. Ra7 e3 32. fxe3 Rxe3 33. Nfd8
Ne8 34. Re7 1-0

[Event "European Senior Teams Chess Championship"]
[Site "Rogaska Slatina"]
[Date "2012.03.29"]
[Round "3.5"]
[White "Faibisovich, Vadim Z"]
[Black "Malmdin, Nils-Ake"]
[Result "1/2-1/2"]
[WhiteElo "2377"]
[BlackElo "2306"]
[PlyCount "45"]
[EventDate "2012.03.27"]
[WhiteTeam "RUS - ST. PETERSBURG"]
[BlackTeam "SWE 1"]

1. e4 c5 2. Nf3 g6 3. d4 Bg7 4. Be2 cxd4 5. Nxd4 Nc6 6. Nb3 Nf6 7. Nc3 O-O 8.
O-O d6 9. Bg5 Be6 10. Kh1 Na5 11. Nd4 Bc4 12. b3 Bxe2 13. Ndxe2 Nc6 14. Rb1 Qa5
15. Qd2 Rac8 16. f3 Nb4 17. a3 Nc6 18. a4 a6 19. Rfd1 Nb4 20. Rbc1 Qd8 21. Bh6
Rc5 22. Be3 Rc8 23. Bh6 1/2-1/2

[Event "European Senior Teams Chess Championship"]
[Site "Rogaska Slatina"]
[Date "2012.03.29"]
[Round "3.5"]
[White "Turikov, Viktor"]
[Black "Nordstrom, Felix"]
[Result "1-0"]
[WhiteElo "2263"]
[BlackElo "2160"]
[PlyCount "103"]
[EventDate "2012.03.27"]
[WhiteTeam "RUS - ST. PETERSBURG"]
[BlackTeam "SWE 1"]

1. e3 d5 2. b3 Nf6 3. Bb2 Nbd7 4. Nf3 e6 5. c4 Bd6 6. Nc3 c6 7. d4 O-O 8. Bd3
Qe7 9. Qc2 dxc4 10. bxc4 e5 11. O-O Re8 12. Bf5 g6 13. Bxd7 Nxd7 14. Rfd1 e4
15. Nd2 f5 16. Ne2 Nf6 17. Nf1 Be6 18. a4 Qf7 19. Rdc1 Rab8 20. Qc3 Rf8 21. Ba3
Qc7 22. Bxd6 Qxd6 23. a5 Nd7 24. Nd2 Rf7 25. Nf4 Nf8 26. c5 Qe7 27. a6 Bd5 28.
axb7 Rxb7 29. Nc4 Bxc4 30. Qxc4 g5 31. Ne2 Qe6 32. g3 Kg7 33. Qxe6 Nxe6 34. Ra6
Nd8 35. Nc3 Kf8 36. g4 Rbe7 37. gxf5 Rxf5 38. Rca1 Rff7 39. Nb1 Rc7 40. Nd2
Rfe7 41. Nc4 Kg7 42. Ne5 Kf6 43. Rd1 Kf5 44. Nc4 Kg4 45. Kg2 Kh4 46. Rb1 Rb7
47. Rxb7 Rxb7 48. Nd6 Rc7 49. Nxe4 Kg4 50. Ng3 Nf7 51. d5 cxd5 52. Ra4+ 1-0

[Event "European Senior Teams Chess Championship"]
[Site "Rogaska Slatina"]
[Date "2012.03.29"]
[Round "3.5"]
[White "Nyberg, Ulf"]
[Black "Golcman, Evgeny"]
[Result "0-1"]
[WhiteElo "2140"]
[BlackElo "2285"]
[PlyCount "132"]
[EventDate "2012.03.27"]
[WhiteTeam "SWE 1"]
[BlackTeam "RUS - ST. PETERSBURG"]

1. e4 e5 2. Nf3 Nc6 3. Bc4 Be7 4. d4 exd4 5. Nxd4 d6 6. O-O Nf6 7. Nc3 O-O 8.
b3 Re8 9. Bb2 Bf8 10. Re1 Bd7 11. Nxc6 bxc6 12. Qf3 Bg4 13. Qg3 Be6 14. Ba6 Rb8
15. Rad1 Nd7 16. Bf1 f6 17. f3 Bf7 18. Kh1 Qc8 19. Ne2 c5 20. Nf4 Kh8 21. Nd5
Qd8 22. Bc3 Nb6 23. Ne3 Nd7 24. Nf5 g6 25. Ne3 Bg7 26. Ba5 Nb6 27. Bb5 Rf8 28.
Bc6 Qc8 29. Bc3 Qa6 30. a4 Be8 31. Bxe8 Rbxe8 32. a5 Nd7 33. Nd5 Qc8 34. Ne3
Nb8 35. Nc4 Nc6 36. Qf2 Qe6 37. Qf1 f5 38. Bxg7+ Kxg7 39. Qd3 Qf6 40. Qd5 Nb4
41. Qd2 fxe4 42. c3 Nd3 43. Re3 d5 44. Na3 c6 45. Kg1 Qd8 46. c4 Qb8 47. cxd5
cxd5 48. fxe4 dxe4 49. Qc3+ Rf6 50. Nc4 Qf4 51. Re2 Kh6 52. g3 Qf3 53. Qd2+ Kg7
54. Ne3 Ref8 55. Rg2 Nf2 56. Rb1 Nh3+ 57. Kh1 R8f7 58. Qe2 h5 59. Qxf3 exf3 60.
Rc2 Re6 61. Nd5 g5 62. Rxc5 Re5 63. b4 Re2 64. Nc3 Rg2 65. Rf1 Re7 66. Rxf3
Rg1# 0-1

[Event "European Senior Teams Chess Championship"]
[Site "Rogaska Slatina"]
[Date "2012.03.29"]
[Round "3.6"]
[White "Sloth, Jorn"]
[Black "Dickhoff, Ronald"]
[Result "1-0"]
[WhiteElo "2351"]
[BlackElo "2144"]
[PlyCount "135"]
[EventDate "2012.03.27"]
[WhiteTeam "DEN 1"]
[BlackTeam "NED - DIS.DIS."]

1. b3 Nf6 2. Bb2 g6 3. g3 Bg7 4. Bg2 d6 5. d4 d5 6. c4 c6 7. Nf3 O-O 8. O-O Ne4
9. Nbd2 Bf5 10. Nh4 Nxd2 11. Qxd2 Be6 12. Rac1 Qd7 13. Rfd1 Na6 14. Nf3 Rfd8
15. Ne5 Qe8 16. Qe3 Rac8 17. f4 Nb4 18. a3 Na6 19. g4 Nc7 20. h3 f6 21. Nd3 Bf7
22. Qg3 Na6 23. Kh1 Qd7 24. e4 e6 25. e5 f5 26. Nc5 Nxc5 27. dxc5 Qe7 28. b4
Rd7 29. cxd5 cxd5 30. Bd4 a6 31. a4 Rdc7 32. b5 Be8 33. c6 bxc6 34. b6 Rb7 35.
Bc5 Qd8 36. a5 Bf8 37. gxf5 exf5 38. Bxf8 Kxf8 39. Qe3 Ra8 40. Qc5+ Qe7 41. Qd4
Qg7 42. Qb4+ Qe7 43. Rc5 h6 44. Qc3 Kg7 45. Rc1 Rd8 46. Qd4 Qe6 47. Bf1 Ra8 48.
Bd3 Re7 49. Rg1 Kh7 50. Kh2 Rb7 51. Rg2 Rg7 52. Rb2 Rb7 53. Rf2 Rg7 54. Rf1 Kg8
55. Rb1 Rb7 56. Qe3 Qe7 57. Rbc1 Rbb8 58. Bc2 Rd8 59. Qd4 Qh4 60. Ba4 g5 61.
Bxc6 Bxc6 62. Rxc6 Rab8 63. Rc7 g4 64. R1c3 Qe1 65. Rg3 Qf2+ 66. Rg2 Qf3 67.
hxg4 fxg4 68. Rc3 1-0

[Event "European Senior Teams Chess Championship"]
[Site "Rogaska Slatina"]
[Date "2012.03.29"]
[Round "3.6"]
[White "Happel, Henk"]
[Black "Sorensen, Bent"]
[Result "0-1"]
[WhiteElo "2129"]
[BlackElo "2312"]
[PlyCount "66"]
[EventDate "2012.03.27"]
[WhiteTeam "NED - DIS.DIS."]
[BlackTeam "DEN 1"]

1. d4 d5 2. Nf3 e6 3. c4 c6 4. e3 Nd7 5. Nc3 Ngf6 6. Qc2 b6 7. b3 Bb7 8. Bd3
Bb4 9. O-O Qe7 10. Bb2 O-O 11. Ne5 h6 12. a3 Bd6 13. f4 Rac8 14. e4 c5 15. Nxd7
Nxd7 16. e5 Bb8 17. Ne2 dxc4 18. bxc4 cxd4 19. Bxd4 Nc5 20. Bh7+ Kh8 21. Bd3
Rfd8 22. Rad1 Ba6 23. f5 exf5 24. Bxf5 Ne6 25. Bxe6 Qxe6 26. c5 Qg4 27. e6 Bxe2
28. Bxg7+ Qxg7 29. Rxd8+ Rxd8 30. e7 Qd4+ 31. Kh1 Bxf1 32. Qc3 Bxg2+ 33. Kxg2
Rg8+ 0-1

[Event "European Senior Teams Chess Championship"]
[Site "Rogaska Slatina"]
[Date "2012.03.29"]
[Round "3.6"]
[White "Rosenlund, Thorbjorn"]
[Black "Lindner, Jan-Joost"]
[Result "1-0"]
[WhiteElo "2286"]
[BlackElo "2150"]
[PlyCount "51"]
[EventDate "2012.03.27"]
[WhiteTeam "DEN 1"]
[BlackTeam "NED - DIS.DIS."]

1. c4 e5 2. g3 f5 3. Bg2 Nf6 4. e3 Be7 5. Nc3 O-O 6. Nge2 d6 7. O-O Qe8 8. b3
c6 9. Ba3 Na6 10. d4 Nc7 11. Qd2 Be6 12. d5 cxd5 13. cxd5 Bd7 14. Rac1 Rc8 15.
Rfd1 Qh5 16. f4 g5 17. fxe5 Ng4 18. exd6 Qxh2+ 19. Kf1 f4 20. exf4 gxf4 21.
dxe7 Rf7 22. gxf4 Qh4 23. Qd4 Nh2+ 24. Kg1 Rg7 25. Rd3 Ng4 26. Rg3 1-0

[Event "European Senior Teams Chess Championship"]
[Site "Rogaska Slatina"]
[Date "2012.03.29"]
[Round "3.7"]
[White "Rooze, Jan"]
[Black "Gundersen, Helge"]
[Result "1/2-1/2"]
[WhiteElo "2325"]
[BlackElo "2223"]
[PlyCount "58"]
[EventDate "2012.03.27"]
[WhiteTeam "BEL"]
[BlackTeam "NOR 1"]

1. c4 e6 2. g3 f5 3. Bg2 Nf6 4. Nf3 c6 5. O-O d5 6. d3 Bd6 7. Nc3 O-O 8. e4
dxe4 9. dxe4 Bc7 10. Qxd8 Rxd8 11. exf5 exf5 12. Bg5 Rf8 13. Rfe1 Na6 14. Rad1
h6 15. Bd2 Nc5 16. Be3 Nce4 17. Nxe4 fxe4 18. Nd2 Bg4 19. Rb1 Bf5 20. b4 Rad8
21. Rb3 Bb6 22. c5 Bc7 23. h3 a6 24. a4 Rd7 25. g4 Bg6 26. g5 hxg5 27. Bxg5 Nh7
28. Be3 Nf6 29. Bg5 Nh7 1/2-1/2

[Event "European Senior Teams Chess Championship"]
[Site "Rogaska Slatina"]
[Date "2012.03.29"]
[Round "3.7"]
[White "Ofstad, Per"]
[Black "Van Herck, Marcel"]
[Result "1/2-1/2"]
[WhiteElo "2190"]
[BlackElo "2097"]
[PlyCount "41"]
[EventDate "2012.03.27"]
[WhiteTeam "NOR 1"]
[BlackTeam "BEL"]

1. e4 c6 2. d4 d5 3. Nc3 dxe4 4. Nxe4 Nd7 5. Nf3 Ngf6 6. Ng3 e6 7. Bd3 Be7 8.
O-O Qc7 9. Re1 O-O 10. c3 b6 11. Bg5 Bd6 12. Qe2 Bf4 13. Ne4 Bxg5 14. Nexg5 h6
15. Nh3 Bb7 16. Ne5 c5 17. Nxd7 Qxd7 18. dxc5 Qd5 19. f3 Qxc5+ 20. Qf2 Qxf2+
21. Nxf2 1/2-1/2

[Event "European Senior Teams Chess Championship"]
[Site "Rogaska Slatina"]
[Date "2012.03.29"]
[Round "3.7"]
[White "Harestad, Thor Geir"]
[Black "Schrickx, Frank"]
[Result "1/2-1/2"]
[WhiteElo "2175"]
[BlackElo "1874"]
[PlyCount "168"]
[EventDate "2012.03.27"]
[WhiteTeam "NOR 1"]
[BlackTeam "BEL"]

1. c4 e5 2. g3 Nf6 3. Bg2 Nc6 4. Nc3 Bb4 5. Nd5 Be7 6. b3 a5 7. Bb2 O-O 8. Nh3
d6 9. O-O Nxd5 10. cxd5 Nb4 11. d4 Nxd5 12. dxe5 dxe5 13. Bxe5 Bxh3 14. Bxh3
Bf6 15. Bxf6 Nxf6 16. Qc2 c6 17. Rad1 Qb6 18. e4 Rad8 19. e5 Nd5 20. e6 fxe6
21. Bxe6+ Kh8 22. Qc4 Nf6 23. Rxd8 Rxd8 24. Qf4 Qd4 25. Qc7 Re8 26. Bf5 Qc5 27.
Bb1 b6 28. Qf4 Rf8 29. h3 Nh5 30. Qe4 g6 31. Kg2 Nf6 32. Qe2 Qd5+ 33. Kh2 Re8
34. Qb2 Qe5 35. Qd2 Qe2 36. Rd1 Qxd2 37. Rxd2 Nd5 38. Bd3 Nb4 39. Be2 Kg7 40.
Bf3 b5 41. a3 Nd5 42. Bxd5 cxd5 43. Rxd5 Re2 44. Kg2 Ra2 45. Rxb5 Rxa3 46. h4
h5 47. Rb6 a4 48. bxa4 Rxa4 49. Rb3 Kf6 50. f3 Ra2+ 51. Kh3 Rf2 52. g4 hxg4+
53. fxg4 Rf4 54. Rb6+ Kg7 55. Rb7+ Kg8 56. Kg3 Ra4 57. Rd7 Rb4 58. Kf3 Kf8 59.
Rc7 Kg8 60. Re7 Kf8 61. Re4 Rb7 62. Kf4 Kg7 63. Rc4 Rf7+ 64. Ke5 Ra7 65. Rd4
Rf7 66. g5 Rf5+ 67. Ke6 Rf1 68. Rd7+ Kg8 69. Ke5 Rf5+ 70. Ke4 Rf1 71. Rd3 Rh1
72. Ke5 Rxh4 73. Kf6 Rf4+ 74. Kxg6 Rf8 75. Rd6 Ra8 76. Kh6 Rb8 77. Rd7 Ra8 78.
g6 Rb8 79. Rd6 Ra8 80. g7 Rb8 81. Rf6 Ra8 82. Kg6 Rb8 83. Kg5 Rb5+ 84. Kh6 Rb8
1/2-1/2

[Event "European Senior Teams Chess Championship"]
[Site "Rogaska Slatina"]
[Date "2012.03.29"]
[Round "3.8"]
[White "Rodriguez Vargas, Orestes"]
[Black "Dogantug, Ahmet Ismail"]
[Result "1-0"]
[WhiteElo "2403"]
[BlackElo "2155"]
[PlyCount "65"]
[EventDate "2012.03.27"]
[WhiteTeam "ESP - CATALONIA"]
[BlackTeam "TUR"]

1. d4 d5 2. c4 e6 3. Nc3 Be7 4. cxd5 exd5 5. Bf4 c6 6. e3 Bf5 7. h3 Qb6 8. Qd2
Nf6 9. f3 h5 10. h4 Nbd7 11. Nh3 a6 12. Nf2 c5 13. Be2 Rc8 14. O-O cxd4 15.
exd4 O-O 16. Bd1 Bd6 17. Bb3 Rc6 18. Rac1 Qc7 19. Bxd6 Qxd6 20. Qg5 Be6 21. Nd3
Rfc8 22. Rce1 b5 23. Ne2 Nb6 24. Nef4 Nc4 25. Re2 Qd7 26. Rfe1 Qa7 27. Nc5 Rxc5
28. dxc5 Qxc5+ 29. Kh1 Bd7 30. Nxh5 Nxh5 31. Qxh5 Qd4 32. Bc2 f5 33. Bxf5 1-0

[Event "European Senior Teams Chess Championship"]
[Site "Rogaska Slatina"]
[Date "2012.03.29"]
[Round "3.8"]
[White "Pekun, Cem"]
[Black "Garriga Nualart, Josep"]
[Result "0-1"]
[WhiteElo "2127"]
[BlackElo "2319"]
[PlyCount "44"]
[EventDate "2012.03.27"]
[WhiteTeam "TUR"]
[BlackTeam "ESP - CATALONIA"]

1. e4 e5 2. Bc4 Nf6 3. d4 exd4 4. Nf3 Nxe4 5. Qxd4 Nf6 6. Nc3 Nc6 7. Qh4 Be7 8.
Bg5 d6 9. O-O-O Be6 10. Bd3 Qd7 11. Bb5 Kf8 12. Rhe1 h6 13. Ne5 Qe8 14. Ng6+
Kg8 15. Nxe7+ Qxe7 16. Nd5 Bxd5 17. Rxe7 hxg5 18. Qxh8+ Kxh8 19. Rxc7 Ne5 20.
f3 a6 21. Bf1 Rg8 22. b3 Bc6 0-1

[Event "European Senior Teams Chess Championship"]
[Site "Rogaska Slatina"]
[Date "2012.03.29"]
[Round "3.8"]
[White "Monedero Gonzalez, Josep"]
[Black "Ulker, Ates"]
[Result "1-0"]
[WhiteElo "2104"]
[BlackElo "2068"]
[PlyCount "61"]
[EventDate "2012.03.27"]
[WhiteTeam "ESP - CATALONIA"]
[BlackTeam "TUR"]

1. d4 Nf6 2. Nf3 e6 3. e3 c5 4. Bd3 d5 5. b3 Nc6 6. a3 Be7 7. Nbd2 a6 8. O-O
O-O 9. Bb2 Re8 10. Qe2 cxd4 11. exd4 b6 12. Rad1 Bb7 13. Ne5 Nxe5 14. dxe5 Nd7
15. c4 Nc5 16. Bb1 a5 17. Qh5 g6 18. Qh3 Qc7 19. Rfe1 Rad8 20. Rc1 Qd7 21. cxd5
Bxd5 22. Nc4 Qb5 23. a4 Qa6 24. Nd6 Rd7 25. Re3 Bg5 26. Rce1 Bxe3 27. Rxe3 Rf8
28. Qh6 Bc6 29. Rh3 f5 30. exf6 Rff7 31. Bxg6 1-0

[Event "European Senior Teams Chess Championship"]
[Site "Rogaska Slatina"]
[Date "2012.03.29"]
[Round "3.8"]
[White "Muratoglu, Salih"]
[Black "Sanz Bastos, Fernando"]
[Result "1-0"]
[WhiteElo "2055"]
[BlackElo "2058"]
[PlyCount "139"]
[EventDate "2012.03.27"]
[WhiteTeam "TUR"]
[BlackTeam "ESP - CATALONIA"]

1. d4 f5 2. c4 Nf6 3. Nc3 e6 4. Nf3 Be7 5. e3 O-O 6. Bd3 d5 7. Qc2 c6 8. Ne5
Nbd7 9. O-O Nxe5 10. dxe5 Ng4 11. f4 d4 12. exd4 Qxd4+ 13. Kh1 Rd8 14. Rf3 Bc5
15. Ne2 Qd7 16. b4 Nf2+ 17. Kg1 Nxd3+ 18. bxc5 Ne1 19. Qc3 Nxf3+ 20. Qxf3 Qd1+
21. Qf1 Qxf1+ 22. Kxf1 Rd1+ 23. Kf2 b6 24. Rb1 bxc5 25. Rb2 Ba6 26. Rc2 Rb8 27.
Ba3 Rbd8 28. Bc1 Kf7 29. Be3 R1d3 30. Nc1 R3d4 31. Bxd4 Rxd4 32. Ke3 Bxc4 33.
Rc3 Kg6 34. g3 Kh5 35. Ra3 a6 36. Rc3 g5 37. Nb3 gxf4+ 38. gxf4 Re4+ 39. Kf3
Bd5 40. Kg3 Re2 41. Nxc5 Rxa2 42. Nd7 Rg2+ 43. Kh3 Kg6 44. Nf8+ Kg7 45. Nxe6+
Kh6 46. Nd4 Kg6 47. Nxc6 Kf7 48. Nb4 Be4 49. Rc7+ Kg8 50. Rc4 Rg6 51. Rd4 a5
52. Nd3 Bg2+ 53. Kh4 Rg4+ 54. Kh5 Bf3 55. Ne1 Be2 56. Rd2 Bb5 57. Rd8+ Kg7 58.
Nd3 Bc4 59. e6 Bxe6 60. Ne5 Rxf4 61. Ra8 a4 62. Kg5 Rb4 63. Ra7+ Kf8 64. Kf6
Bd5 65. Rxh7 Rb6+ 66. Kxf5 Kg8 67. Rd7 Rh6 68. Ng4 Rb6 69. Nf6+ Rxf6+ 70. Kxf6
1-0

[Event "European Senior Teams Chess Championship"]
[Site "Rogaska Slatina"]
[Date "2012.03.29"]
[Round "3.9"]
[White "Biller, Helmut Dr"]
[Black "Titz, Heimo"]
[Result "1/2-1/2"]
[WhiteElo "2103"]
[BlackElo "2206"]
[PlyCount "186"]
[EventDate "2012.03.27"]
[WhiteTeam "GER - OBERULSEL"]
[BlackTeam "AUT - WIEN 1"]

1. d4 Nf6 2. Nf3 e6 3. c4 b6 4. g3 Bb7 5. Bg2 Bb4+ 6. Bd2 a5 7. Nc3 O-O 8. O-O
d6 9. b3 Nbd7 10. a3 Bxc3 11. Bxc3 Qb8 12. Bb2 Be4 13. Nd2 Bxg2 14. Kxg2 Qb7+
15. f3 Ng4 16. Kg1 Ne3 17. Qe1 Nxf1 18. Nxf1 c5 19. dxc5 Nxc5 20. a4 f5 21. Qc3
Rf7 22. Ne3 Qc6 23. Rd1 Rd8 24. Kf2 h6 25. h4 Rc7 26. Kg2 Rf7 27. Rd2 Rc7 28.
Rd1 Qe8 29. Rh1 Qf7 30. h5 Rcd7 31. Rh4 d5 32. cxd5 exd5 33. Nc2 Rc7 34. Ba1
Nxa4 35. Qd2 Nc5 36. Nd4 Ne6 37. g4 Nxd4 38. Qxd4 Rc2 39. gxf5 Rxe2+ 40. Kf1
Rde8 41. Rg4 Re1+ 42. Kf2 R8e2+ 43. Kg3 Rxa1 44. Qxa1 Qc7+ 45. Rf4 Qe5 46. Qc1
Qe3 47. Qxe3 Rxe3 48. b4 a4 49. b5 a3 50. Ra4 Rb3 51. Kf4 Rxb5 52. Rxa3 Kf7 53.
Rc3 Rc5 54. Ra3 Kf6 55. Ra7 d4 56. Rb7 Rxf5+ 57. Ke4 Rxh5 58. Rxb6+ Kf7 59.
Kxd4 Rh4+ 60. Ke3 g5 61. Kf2 Kg7 62. Kg3 Rf4 63. Ra6 h5 64. Rb6 Rf6 65. Rb5 Kg6
66. Ra5 Rc6 67. Rb5 Re6 68. Ra5 Re2 69. Ra6+ Kf5 70. Ra5+ Re5 71. Ra8 h4+ 72.
Kf2 Rb5 73. Rf8+ Kg6 74. Rg8+ Kf6 75. Rf8+ Kg7 76. Ra8 Rb2+ 77. Kg1 Kg6 78. Ra5
Kf6 79. Rc5 h3 80. Ra5 Kg6 81. Rc5 Rg2+ 82. Kf1 Ra2 83. Kg1 h2+ 84. Kh1 Rf2 85.
Ra5 Kh5 86. f4 Rxf4 87. Kxh2 Kg4 88. Kg2 Rd4 89. Ra3 Rd2+ 90. Kg1 Kh4 91. Rb3
g4 92. Ra3 g3 93. Ra1 Rc2 1/2-1/2

[Event "European Senior Teams Chess Championship"]
[Site "Rogaska Slatina"]
[Date "2012.03.29"]
[Round "3.9"]
[White "Opl, Klaus"]
[Black "Falk, Thomas"]
[Result "1-0"]
[WhiteElo "2287"]
[BlackElo "2132"]
[PlyCount "109"]
[EventDate "2012.03.27"]
[WhiteTeam "AUT - WIEN 1"]
[BlackTeam "GER - OBERULSEL"]

1. d4 d5 2. c4 dxc4 3. Nf3 Nf6 4. e3 e6 5. Bxc4 a6 6. O-O c5 7. a4 Nc6 8. Qe2
cxd4 9. Rd1 Be7 10. exd4 O-O 11. Nc3 Nb4 12. Bg5 Re8 13. Ne5 Nfd5 14. Bd2 Nc2
15. Rac1 Nxd4 16. Qd3 Nc6 17. Nxf7 Kxf7 18. Nxd5 Ne5 19. Qg3 Nxc4 20. Qf4+ Kg8
21. Nxe7+ Qxe7 22. Qxc4 Bd7 23. Bc3 Bc6 24. Qg4 Rad8 25. Re1 Rd5 26. Rxe6 Rg5
27. Rxe7 Rxg4 28. Rxe8+ Bxe8 29. a5 Bc6 30. g3 Kf7 31. f4 Rg6 32. Be5 Re6 33.
Kf2 g5 34. Ke3 Kg6 35. Rd1 Kf5 36. g4+ Kxg4 37. Rg1+ Kh4 38. Rxg5 Rg6 39. Rf5
h5 40. Rf8 Rg1 41. Rh8 Re1+ 42. Kd4 Bf3 43. Kc5 Kh3 44. Kd6 Rd1+ 45. Ke6 Bg4+
46. Kf6 Kxh2 47. Rh7 Kg2 48. Kg5 Bf3 49. f5 Rd5 50. Kf4 Rxa5 51. Rg7+ Kf2 52.
Bd4+ Ke2 53. Re7+ Kd3 54. Bc3 Rd5 55. Re3+ 1-0

[Event "European Senior Teams Chess Championship"]
[Site "Rogaska Slatina"]
[Date "2012.03.29"]
[Round "3.9"]
[White "Thieme, Hans"]
[Black "Dueckstein, Andreas"]
[Result "1/2-1/2"]
[WhiteElo "2075"]
[BlackElo "2221"]
[PlyCount "37"]
[EventDate "2012.03.27"]
[WhiteTeam "GER - OBERULSEL"]
[BlackTeam "AUT - WIEN 1"]

1. e4 e6 2. d4 d5 3. Nc3 Bb4 4. Bd3 dxe4 5. Bxe4 Nf6 6. Bf3 c5 7. a3 Ba5 8.
Nge2 cxd4 9. Qxd4 Qxd4 10. Nxd4 Bxc3+ 11. bxc3 a6 12. Rb1 e5 13. Nb3 e4 14. Be2
Nbd7 15. c4 O-O 16. O-O b6 17. Be3 Re8 18. Rfd1 Re7 19. h3 1/2-1/2